[Event "Bad Wörishofen op 2012 28th"]
[Site "Bad Wörishofen (2.3.-10.3)"]
[Date "2012.03.05"]
[Round "4.83"]
[White "Funke, Joerg-Dietmar"]
[Black "Herold, Gunther"]
[Result "1/2-1/2"]
[WhiteElo "1729"]
[BlackElo "1723"]
[PlyCount "51"]
[EventDate "2012.03.??"]
[EventType "swiss"]
[EventRounds "9"]
[EventCountry "GER"]
[SourceDate "2013.02.18"]
[WhiteTeam "Naunhof SC"]
[BlackTeam "Obergünzburg SC"]

1. e4 g6 2. Nc3 a6 3. g3 d6 4. Bg2 Bg7 5. d3 h6 6. f4 e6 7. Nf3 Ne7 8. O-O O-O
9. Be3 Nd7 10. d4 f5 11. Nh4 fxe4 12. Bxe4 Qe8 13. g4 d5 14. Bg2 b6 15. Qd2 Kh7
16. Rae1 Nf6 17. h3 c6 18. Nf3 Bd7 19. Ne5 Ra7 20. Bf2 Nc8 21. Bh4 Nd6 22. Qd3
Nfe4 23. Nxe4 dxe4 24. Bxe4 Nxe4 25. Qxe4 Bxe5 26. fxe5 1/2-1/2

[Event "Bad Wörishofen op 2012 28th"]
[Site "Bad Wörishofen (2.3.-10.3)"]
[Date "2012.03.05"]
[Round "4.85"]
[White "Fischer, Peter(57)"]
[Black "Natterer, Winfried"]
[Result "0-1"]
[WhiteElo "1436"]
[BlackElo "1658"]
[PlyCount "120"]
[EventDate "2012.03.??"]
[EventType "swiss"]
[EventRounds "9"]
[EventCountry "GER"]
[SourceDate "2013.02.18"]
[WhiteTeam "Memmingen Post SV"]
[BlackTeam "Dietmannsried SC"]

1. d4 d5 2. Nf3 e6 3. c4 Nf6 4. Bg5 Be7 5. e3 O-O 6. Nc3 Nbd7 7. cxd5 exd5 8.
Bd3 Re8 9. Qc2 c6 10. O-O Nf8 11. Nh4 Ne4 12. Bxe7 Qxe7 13. Nf3 Ng6 14. Nd2 Nf6
15. Rfe1 Qd6 16. Bf5 Be6 17. Nf3 Re7 18. h3 Rae8 19. Bxe6 Rxe6 20. Qf5 h6 21.
Qc2 Ne4 22. Nxe4 Rxe4 23. Qa4 a6 24. Rac1 f5 25. Qb3 R8e7 26. Qc3 Qf6 27. Kf1
f4 28. exf4 Qxf4 29. Qd3 Nh4 30. Nxh4 Qxh4 31. Rxe4 Rxe4 32. Rd1 Qe7 33. Qd2
Qc7 34. g3 Qd7 35. Kg2 Qe7 36. Qd3 Re2 37. Rd2 Re1 38. Qf5 Re6 39. Qd3 g6 40.
a3 Kg7 41. Rd1 Re2 42. Rd2 Re1 43. Qf3 h5 44. Qd3 Kh6 45. h4 Kg7 46. Qf3 a5 47.
Qf4 a4 48. Rd3 Re2 49. Re3 Rxe3 50. Qxe3 Qxe3 51. fxe3 Kf6 52. Kf3 Kf5 53. Ke2
Ke4 54. Kf2 b6 55. Ke2 c5 56. dxc5 bxc5 57. b3 axb3 58. Kd2 d4 59. exd4 Kxd4
60. a4 c4 0-1

[Event "Bad Wörishofen op 2012 28th"]
[Site "Bad Wörishofen (2.3.-10.3)"]
[Date "2012.03.05"]
[Round "4.86"]
[White "Wilms, Robert"]
[Black "Rennenkampff, Juergen"]
[Result "1-0"]
[WhiteElo "1867"]
[BlackElo "1678"]
[PlyCount "71"]
[EventDate "2012.03.??"]
[EventType "swiss"]
[EventRounds "9"]
[EventCountry "GER"]
[SourceDate "2013.02.18"]
[WhiteTeam "Hamburg 1934 SF"]
[BlackTeam "Trudering SC"]

1. e4 e5 2. Nf3 Nc6 3. d4 exd4 4. Nxd4 Nf6 5. Nc3 Bb4 6. Nxc6 dxc6 7. Qxd8+
Kxd8 8. Bd2 Re8 9. O-O-O Ke7 10. f3 Be6 11. a3 Ba5 12. Nd5+ cxd5 13. Bxa5 b6
14. Bc3 dxe4 15. Bb5 Red8 16. Bc6 Rxd1+ 17. Rxd1 Rd8 18. Bb4+ Rd6 19. fxe4 a5
20. Bxd6+ cxd6 21. h3 Nd7 22. Bxd7 Bxd7 23. Kd2 Bc6 24. Ke3 Ke6 25. g3 d5 26.
exd5+ Bxd5 27. Rd4 b5 28. b3 f5 29. c4 bxc4 30. bxc4 Be4 31. c5 g5 32. h4 h6
33. Rd6+ Ke5 34. Rxh6 f4+ 35. gxf4+ gxf4+ 36. Kf2 1-0

[Event "Bad Wörishofen op 2012 28th"]
[Site "Bad Wörishofen (2.3.-10.3)"]
[Date "2012.03.05"]
[Round "4.87"]
[White "Humburg, Eduard"]
[Black "Stoll, Katja"]
[Result "0-1"]
[WhiteElo "1179"]
[BlackElo "1711"]
[PlyCount "92"]
[EventDate "2012.03.??"]
[EventType "swiss"]
[EventRounds "9"]
[EventCountry "GER"]
[SourceDate "2013.02.18"]
[WhiteTeam "Wolfratshausen SC"]
[BlackTeam "Ulm Weisse Dame SC"]

1. c4 c5 2. Nc3 Nc6 3. e3 Nf6 4. Nf3 g6 5. d4 cxd4 6. exd4 d5 7. Ne5 Bg7 8.
Nxc6 bxc6 9. Be3 O-O 10. Be2 Rb8 11. b3 Qc7 12. O-O Bf5 13. Bf3 Qd7 14. Bf4
Rbc8 15. Be5 Be6 16. Na4 Ne4 17. Bxg7 Kxg7 18. Bxe4 dxe4 19. Nc5 Qc7 20. Nxe4
Bf5 21. Ng3 Be6 22. Re1 Rfd8 23. d5 cxd5 24. Qd4+ Kg8 25. c5 Qxc5 26. Qh4 Qd6
27. Qg5 f6 28. Qe3 Bf7 29. Qxa7 Rd7 30. Qa4 e5 31. Qg4 Be6 32. Qh4 Bf7 33. Red1
Rc2 34. Ne4 dxe4 35. Rxd6 Rxd6 36. Qxe4 Rdd2 37. Rf1 Rxa2 38. Qb7 Rab2 39. Qb4
Bxb3 40. h3 Bf7 41. Qc3 Rbc2 42. Qg3 e4 43. Qf4 Re2 44. Qg3 Rcd2 45. Qg4 h5 46.
Qf4 Kg7 0-1

[Event "Bad Wörishofen op 2012 28th"]
[Site "Bad Wörishofen (2.3.-10.3)"]
[Date "2012.03.05"]
[Round "4.88"]
[White "Bangert, Ruediger"]
[Black "Russ, Oliver(76)"]
[Result "0-1"]
[WhiteElo "1463"]
[BlackElo "1491"]
[PlyCount "88"]
[EventDate "2012.03.??"]
[EventType "swiss"]
[EventRounds "9"]
[EventCountry "GER"]
[SourceDate "2013.02.18"]
[WhiteTeam "GER/Erlangen Siemens SG"]
[BlackTeam "Schwarzenberg-Raschau SG"]
[WhiteTeamCountry "GER"]

1. c4 e5 2. Nc3 Nf6 3. Nf3 Nc6 4. g3 d6 5. Bg2 Be7 6. d3 O-O 7. a3 a6 8. Bg5
Nd4 9. Bxf6 Nxf3+ 10. Bxf3 Bxf6 11. Ne4 c6 12. O-O Be7 13. Bg2 Rb8 14. b3 d5
15. cxd5 cxd5 16. Nc3 Be6 17. a4 Rc8 18. Rc1 Qd7 19. Kh1 Rc7 20. e4 dxe4 21.
Bxe4 f5 22. Bf3 Bg5 23. Na2 Bxc1 24. Nxc1 f4 25. g4 Bd5 26. Bxd5+ Qxd5+ 27. f3
Rfc8 28. Na2 Qd4 29. Re1 Rc2 30. Re2 Rxe2 31. Qxe2 Qe3 32. Qd1 a5 33. b4 Qf2
34. Qb3+ Kh8 35. Qd1 Rc2 36. Qg1 Qxg1+ 37. Kxg1 Rxa2 38. bxa5 Rxa4 39. h4 Rd4
40. h5 h6 41. Kf2 Rxd3 42. Ke2 Ra3 43. Kd2 Kg8 44. Ke2 Kf7 0-1

[Event "Bad Wörishofen op 2012 28th"]
[Site "Bad Wörishofen (2.3.-10.3)"]
[Date "2012.03.05"]
[Round "4.89"]
[White "Sauerwein, Martin"]
[Black "Lang, Ludwig"]
[Result "1-0"]
[WhiteElo "1334"]
[BlackElo "1117"]
[PlyCount "61"]
[EventDate "2012.03.??"]
[EventType "swiss"]
[EventRounds "9"]
[EventCountry "GER"]
[SourceDate "2013.02.18"]
[WhiteTeam "Kaufbeuren SC"]
[BlackTeam "Bobingen SK"]

1. d4 d5 2. c4 Nf6 3. e3 e6 4. Nc3 Nc6 5. Nf3 Bb4 6. Bd2 b6 7. Be2 O-O 8. a3
Be7 9. cxd5 exd5 10. Rc1 Bb7 11. O-O a6 12. h3 h6 13. Bd3 Bd6 14. e4 dxe4 15.
Nxe4 Be7 16. Nxf6+ Bxf6 17. Be4 Qd7 18. Qc2 Nxd4 19. Nxd4 Qxd4 20. Bxb7 Ra7 21.
Bc3 Qf4 22. Bxf6 Qxf6 23. Bc6 Qg6 24. Rfd1 Qxc2 25. Rxc2 g5 26. Re2 Kg7 27. Re7
a5 28. Rdd7 a4 29. Rxc7 Rxc7 30. Rxc7 Rd8 31. Bxa4 1-0

[Event "Bad Wörishofen op 2012 28th"]
[Site "Bad Wörishofen (2.3.-10.3)"]
[Date "2012.03.06"]
[Round "5.2"]
[White "Levin, Felix"]
[Black "Meijers, Viesturs"]
[Result "1/2-1/2"]
[WhiteElo "2472"]
[BlackElo "2443"]
[PlyCount "29"]
[EventDate "2012.03.??"]
[EventType "swiss"]
[EventRounds "9"]
[EventCountry "GER"]
[SourceDate "2013.02.18"]
[WhiteTeam "Mülheim-Nord SV"]
[BlackTeam "Aue Nickelhütte ESV"]

1. Nf3 Nf6 2. c4 e6 3. Nc3 Bb4 4. Qc2 c5 5. a3 Ba5 6. g3 Nc6 7. Bg2 O-O 8. O-O
d6 9. e3 a6 10. d4 Rb8 11. b3 Qe8 12. Bb2 h6 13. d5 Ne5 14. Nxe5 dxe5 15. Rfd1
1/2-1/2

[Event "Bad Wörishofen op 2012 28th"]
[Site "Bad Wörishofen (2.3.-10.3)"]
[Date "2012.03.06"]
[Round "5.3"]
[White "Vasilevich, Tatjana"]
[Black "Epishin, Vladimir"]
[Result "0-1"]
[WhiteElo "2379"]
[BlackElo "2592"]
[PlyCount "20"]
[EventDate "2012.03.??"]
[EventType "swiss"]
[EventRounds "9"]
[EventCountry "GER"]
[SourceDate "2013.02.18"]
[WhiteTeam "Aue Nickelhütte ESV"]
[BlackTeam "RUS/Rußland"]
[BlackTeamCountry "RUS"]

1. d4 Nf6 2. c4 e6 3. g3 Bb4+ 4. Bd2 Qe7 5. Bg2 d5 6. Nf3 O-O 7. O-O c6 8. Qc2
b6 9. b3 Bb7 10. Rd1 Ne4 0-1

[Event "Bad Wörishofen op 2012 28th"]
[Site "Bad Wörishofen (2.3.-10.3)"]
[Date "2012.03.06"]
[Round "5.6"]
[White "Pirrot, Dieter"]
[Black "Andreev, Eduard"]
[Result "1/2-1/2"]
[WhiteElo "2316"]
[BlackElo "2547"]
[PlyCount "20"]
[EventDate "2012.03.??"]
[EventType "swiss"]
[EventRounds "9"]
[EventCountry "GER"]
[SourceDate "2013.02.18"]
[WhiteTeam "Hofheim(Taunus) SV"]
[BlackTeam "UKR/Ukraine"]
[BlackTeamCountry "UKR"]

1. e4 c5 2. c3 d5 3. exd5 Qxd5 4. d4 Nf6 5. Nf3 Nc6 6. Be2 cxd4 7. cxd4 Bf5 8.
Nc3 Qa5 9. O-O e6 10. Ne5 Bb4 1/2-1/2

[Event "Bad Wörishofen op 2012 28th"]
[Site "Bad Wörishofen (2.3.-10.3)"]
[Date "2012.03.06"]
[Round "5.9"]
[White "Meister, Jakob"]
[Black "Gaerths, Ronny"]
[Result "0-1"]
[WhiteElo "2429"]
[BlackElo "2184"]
[PlyCount "60"]
[EventDate "2012.03.??"]
[EventType "swiss"]
[EventRounds "9"]
[EventCountry "GER"]
[SourceDate "2013.02.18"]
[WhiteTeam "Berlin Zehlendorf SK"]
[BlackTeam "Kreuzberg SC"]

1. c4 e5 2. e3 c6 3. d4 Bb4+ 4. Bd2 Bxd2+ 5. Qxd2 d6 6. Nc3 Nf6 7. Nf3 Qe7 8.
h3 Nbd7 9. g4 h6 10. O-O-O e4 11. Ng1 Nb6 12. d5 cxd5 13. cxd5 Bd7 14. Kb1 O-O
15. Nge2 Rac8 16. Ng3 Na4 17. Nxa4 Bxa4 18. b3 Bd7 19. Bc4 b5 20. Be2 Rc5 21.
Rc1 Rfc8 22. Rxc5 Rxc5 23. Re1 Qe5 24. Qd4 Qxd4 25. exd4 Rxd5 26. Rd1 h5 27. f3
exf3 28. Bxf3 hxg4 29. Bxd5 Nxd5 30. hxg4 Nc3+ 0-1

[Event "Bad Wörishofen op 2012 28th"]
[Site "Bad Wörishofen (2.3.-10.3)"]
[Date "2012.03.06"]
[Round "5.11"]
[White "Lampert, Jonas"]
[Black "Karpatchev, Aleksandr"]
[Result "1/2-1/2"]
[WhiteElo "2216"]
[BlackElo "2394"]
[PlyCount "53"]
[EventDate "2012.03.??"]
[EventType "swiss"]
[EventRounds "9"]
[EventCountry "GER"]
[SourceDate "2013.02.18"]
[WhiteTeam "Hamburger SK"]
[BlackTeam "Bad Mergentheim SF"]

1. e4 e5 2. Nf3 Nc6 3. Bb5 a6 4. Ba4 Nf6 5. O-O b5 6. Bb3 Bc5 7. c3 d6 8. d4
Bb6 9. a4 Bg4 10. d5 Ne7 11. h3 Bd7 12. Re1 Ng6 13. Be3 Bxe3 14. Rxe3 O-O 15.
c4 b4 16. c5 Nf4 17. Nbd2 N6h5 18. cxd6 cxd6 19. Nc4 Qf6 20. Nb6 Bxh3 21. gxh3
Qg6+ 22. Kf1 Qg2+ 23. Ke1 f5 24. exf5 e4 25. Nxa8 exf3 26. Rxf3 Re8+ 27. Kd2
1/2-1/2

[Event "Bad Wörishofen op 2012 28th"]
[Site "Bad Wörishofen (2.3.-10.3)"]
[Date "2012.03.06"]
[Round "5.12"]
[White "Kannenberg, Karl-Heinz"]
[Black "Estremera Panos, Sergio"]
[Result "0-1"]
[WhiteElo "2139"]
[BlackElo "2258"]
[PlyCount "58"]
[EventDate "2012.03.??"]
[EventType "swiss"]
[EventRounds "9"]
[EventCountry "GER"]
[SourceDate "2013.02.18"]
[WhiteTeam "Kitzingen SC"]
[BlackTeam "ESP/Spanien"]
[BlackTeamCountry "ESP"]

1. d4 Nf6 2. Nf3 e6 3. e3 c5 4. c3 b6 5. Nbd2 Bb7 6. Bd3 Nc6 7. O-O Qc7 8. Re1
Be7 9. a3 d5 10. b4 O-O 11. Bb2 c4 12. Bc2 b5 13. e4 dxe4 14. Nxe4 Nxe4 15.
Bxe4 f5 16. Bxc6 Qxc6 17. d5 Qxd5 18. Qxd5 Bxd5 19. Nd4 Rf6 20. Nxb5 Bd8 21.
Bc1 f4 22. g3 g5 23. Re5 h6 24. Bd2 Bb6 25. Nd4 Raf8 26. g4 Bc7 27. Ree1 e5 28.
Nb5 Bb8 29. a4 h5 0-1

[Event "Bad Wörishofen op 2012 28th"]
[Site "Bad Wörishofen (2.3.-10.3)"]
[Date "2012.03.06"]
[Round "5.13"]
[White "Grawe, Christian(65)"]
[Black "Loetscher, Roland"]
[Result "1/2-1/2"]
[WhiteElo "2179"]
[BlackElo "2330"]
[PlyCount "43"]
[EventDate "2012.03.??"]
[EventType "swiss"]
[EventRounds "9"]
[EventCountry "GER"]
[SourceDate "2013.02.18"]
[WhiteTeam "Germering SK"]
[BlackTeam "Garching SC"]

1. e4 c5 2. c3 d5 3. exd5 Qxd5 4. d4 Nf6 5. Nf3 Bg4 6. dxc5 Qxd1+ 7. Kxd1 Nc6
8. Be3 Nd5 9. Kc1 e6 10. Bb5 Bxf3 11. gxf3 Nxe3 12. fxe3 Bxc5 13. Re1 O-O-O 14.
b4 Bb6 15. Bxc6 bxc6 16. Kc2 Rd5 17. Nd2 Rg5 18. Re2 Rd8 19. f4 Rg4 20. Nf3 Bc7
21. Rg1 Rxg1 22. Nxg1 1/2-1/2

[Event "Bad Wörishofen op 2012 28th"]
[Site "Bad Wörishofen (2.3.-10.3)"]
[Date "2012.03.06"]
[Round "5.14"]
[White "Wichmann, Cliff"]
[Black "Mader, Manuela"]
[Result "1-0"]
[WhiteElo "2276"]
[BlackElo "2156"]
[PlyCount "113"]
[EventDate "2012.03.??"]
[EventType "swiss"]
[EventRounds "9"]
[EventCountry "GER"]
[SourceDate "2013.02.18"]
[WhiteTeam "Aue Nickelhütte ESV"]
[BlackTeam "Ettlingen SK"]

1. d4 Nf6 2. c4 g6 3. Nc3 Bg7 4. e4 d6 5. Nf3 O-O 6. Be2 e5 7. Be3 Ng4 8. Bg5
f6 9. Bc1 exd4 10. Nxd4 Nh6 11. h4 Nc6 12. Be3 f5 13. Nxc6 bxc6 14. Qd2 Ng4 15.
Bxg4 fxg4 16. Bd4 Bxd4 17. Qxd4 Qf6 18. Qxf6 Rxf6 19. O-O Be6 20. b3 a5 21.
Rac1 Raf8 22. Rc2 Rf4 23. Re1 R8f7 24. Rd2 Kg7 25. e5 d5 26. cxd5 cxd5 27. Nxd5
Bxd5 28. Rxd5 a4 29. Rc5 axb3 30. axb3 Rb4 31. Re3 Re7 32. Rec3 Re4 33. Rxc7
R4xe5 34. Rxe7+ Rxe7 35. Rc4 g3 36. fxg3 Re3 37. Rc7+ Kf6 38. Kf2 Rxb3 39. Rxh7
Kf5 40. Rf7+ Kg4 41. Rf4+ Kh5 42. Rf3 Rb2+ 43. Kg1 Rb1+ 44. Kh2 Rd1 45. Ra3 Rd5
46. Kh3 Rc5 47. g4+ Kh6 48. Ra7 g5 49. Ra6+ Kh7 50. g3 Rc3 51. h5 Rc5 52. Rf6
Rc2 53. Rg6 Rc5 54. Kg2 Rb5 55. Re6 Rb2+ 56. Kf3 Rb3+ 57. Ke4 1-0

[Event "Bad Wörishofen op 2012 28th"]
[Site "Bad Wörishofen (2.3.-10.3)"]
[Date "2012.03.06"]
[Round "5.18"]
[White "Donchenko, Anatoly"]
[Black "Weisenburger, Horst"]
[Result "1/2-1/2"]
[WhiteElo "2306"]
[BlackElo "2100"]
[PlyCount "61"]
[EventDate "2012.03.??"]
[EventType "swiss"]
[EventRounds "9"]
[EventCountry "GER"]
[SourceDate "2013.02.18"]
[WhiteTeam "Giessen SK"]
[BlackTeam "Böblingen SC"]

1. Nf3 f5 2. d4 Nf6 3. g3 g6 4. b3 Bg7 5. Bb2 d6 6. Nbd2 O-O 7. Bg2 Nc6 8. O-O
e5 9. dxe5 Ng4 10. h3 Ngxe5 11. Nxe5 dxe5 12. Bxc6 bxc6 13. Nc4 e4 14. Bxg7
Kxg7 15. e3 Ba6 16. Qe1 Qf6 17. Qa5 Bxc4 18. bxc4 g5 19. Rab1 Rf7 20. Rb7 f4
21. Rxc7 Raf8 22. Rxf7+ Rxf7 23. exf4 gxf4 24. g4 f3 25. Re1 Re7 26. Qc5 h5 27.
g5 Qe6 28. Kh2 h4 29. Rd1 Qe5+ 30. Qxe5+ Rxe5 31. Rd7+ 1/2-1/2

[Event "Bad Wörishofen op 2012 28th"]
[Site "Bad Wörishofen (2.3.-10.3)"]
[Date "2012.03.06"]
[Round "5.20"]
[White "Espig, Lutz"]
[Black "Astengo, Corrado"]
[Result "1-0"]
[WhiteElo "2271"]
[BlackElo "2098"]
[PlyCount "85"]
[EventDate "2012.03.??"]
[EventType "swiss"]
[EventRounds "9"]
[EventCountry "GER"]
[SourceDate "2013.02.18"]
[WhiteTeam "Plauen König SK"]
[BlackTeam "ITA/Italien Milanese"]
[BlackTeamCountry "ITA"]

1. Nf3 d5 2. g3 Nf6 3. Bg2 e6 4. O-O Be7 5. d4 O-O 6. c4 dxc4 7. Qc2 a6 8. Qxc4
b5 9. Qc2 Bb7 10. Bd2 Be4 11. Qc1 Bb7 12. Rd1 Qc8 13. Bg5 Nbd7 14. Ne5 Bxg2 15.
Kxg2 Nxe5 16. dxe5 Nd5 17. Bxe7 Nxe7 18. Qc5 Rd8 19. Nc3 Qb7+ 20. f3 Ng6 21.
Rac1 Rac8 22. Ne4 h6 23. h4 Rxd1 24. Rxd1 Qb6 25. f4 Qxc5 26. Nxc5 Ne7 27. Kf3
a5 28. e4 Kf8 29. Rc1 h5 30. b3 Rd8 31. Ke3 Ra8 32. Nd7+ Ke8 33. Rxc7 Kd8 34.
Rb7 Rc8 35. Kd2 b4 36. Nb6 Rc3 37. Rd7+ Ke8 38. Rd3 Rc6 39. Nc4 Nc8 40. Nxa5
Ra6 41. Nc4 Rxa2+ 42. Ke3 Ke7 43. Rd4 1-0

[Event "Bad Wörishofen op 2012 28th"]
[Site "Bad Wörishofen (2.3.-10.3)"]
[Date "2012.03.06"]
[Round "5.21"]
[White "Klamp, Christoph"]
[Black "Buchal, Stephan"]
[Result "1/2-1/2"]
[WhiteElo "2024"]
[BlackElo "2264"]
[PlyCount "46"]
[EventDate "2012.03.??"]
[EventType "swiss"]
[EventRounds "9"]
[EventCountry "GER"]
[SourceDate "2013.02.18"]
[WhiteTeam "Darmstadt Schachforum SV"]
[BlackTeam "Werder Bremen SV"]

1. e4 g6 2. d4 Bg7 3. Nc3 d6 4. f4 Nf6 5. e5 Nfd7 6. Nf3 c5 7. exd6 O-O 8. Be3
exd6 9. Qd2 Nc6 10. O-O-O Qa5 11. Kb1 Nf6 12. Nb5 Qxd2 13. Rxd2 Bg4 14. Nxd6
Nd5 15. Bf2 Bxf3 16. gxf3 cxd4 17. Bb5 Nxf4 18. Bxc6 bxc6 19. Bxd4 Rfd8 20.
Bxg7 Kxg7 21. Rhd1 Ne6 22. Kc1 Kf6 23. Rd3 h5 1/2-1/2

[Event "Bad Wörishofen op 2012 28th"]
[Site "Bad Wörishofen (2.3.-10.3)"]
[Date "2012.03.06"]
[Round "5.22"]
[White "Glantz, Robert"]
[Black "Roemhild, Marcus"]
[Result "1-0"]
[WhiteElo "2248"]
[BlackElo "2048"]
[PlyCount "81"]
[EventDate "2012.03.??"]
[EventType "swiss"]
[EventRounds "9"]
[EventCountry "GER"]
[SourceDate "2013.02.18"]
[WhiteTeam "Berlin 1903 Sfrd."]
[BlackTeam "Lippstadt Turm LSV"]

1. e4 c5 2. Nf3 g6 3. c3 Bg7 4. d4 cxd4 5. cxd4 d5 6. e5 Nc6 7. h3 f6 8. Bb5
Bd7 9. O-O Nxe5 10. Bxd7+ Nxd7 11. Nc3 Nb6 12. Bf4 Nh6 13. Nb5 O-O 14. Nc7 e5
15. Nxa8 exf4 16. Nxb6 axb6 17. Re1 Nf7 18. Qe2 Ng5 19. Nxg5 fxg5 20. Qe6+ Kh8
21. Rad1 Bf6 22. Rd2 Kg7 23. Rc2 Rf7 24. Rc8 Qd7 25. Qxd7 Rxd7 26. Rec1 Bd8 27.
Kf1 Kf7 28. Ke2 Ke6 29. Kd3 Kf7 30. Rb8 Ke7 31. Rcc8 h5 32. a4 g4 33. hxg4 hxg4
34. b3 g5 35. b4 Ke8 36. b5 f3 37. gxf3 gxf3 38. Ke3 g4 39. Kf4 Ke7 40. Kxg4
Bc7 41. Rxb7 1-0

[Event "Bad Wörishofen op 2012 28th"]
[Site "Bad Wörishofen (2.3.-10.3)"]
[Date "2012.03.06"]
[Round "5.23"]
[White "Pfretzschner, Roland"]
[Black "Guenther, Thomas(63)"]
[Result "1/2-1/2"]
[WhiteElo "2166"]
[BlackElo "1977"]
[PlyCount "48"]
[EventDate "2012.03.??"]
[EventType "swiss"]
[EventRounds "9"]
[EventCountry "GER"]
[SourceDate "2013.02.18"]
[WhiteTeam "Plauen König SK"]
[BlackTeam "Berlin Lichtenrade SC"]

1. e4 c5 2. Nf3 Nc6 3. Bb5 g6 4. O-O Bg7 5. Re1 e5 6. b4 cxb4 7. a3 b3 8. cxb3
Nge7 9. Nc3 O-O 10. Bc4 d6 11. Ra2 a6 12. h3 b5 13. Bd5 Nxd5 14. Nxd5 Be6 15.
Bb2 Bxd5 16. exd5 Ne7 17. d4 e4 18. Rxe4 Nxd5 19. Qd3 Rc8 20. Ra1 Qd7 21. Ree1
Rfe8 22. Re4 Rxe4 23. Qxe4 Qe6 24. Qxe6 fxe6 1/2-1/2

[Event "Bad Wörishofen op 2012 28th"]
[Site "Bad Wörishofen (2.3.-10.3)"]
[Date "2012.03.06"]
[Round "5.24"]
[White "Billio, Atto"]
[Black "Rahls, Peter"]
[Result "1-0"]
[WhiteElo "2126"]
[BlackElo "2101"]
[PlyCount "41"]
[EventDate "2012.03.??"]
[EventType "swiss"]
[EventRounds "9"]
[EventCountry "GER"]
[SourceDate "2013.02.18"]
[WhiteTeam "ITA/Italien"]
[BlackTeam "Berlin Zehlendorf SK"]
[WhiteTeamCountry "ITA"]

1. f4 Nf6 2. g3 g6 3. Nf3 Bg7 4. Bg2 O-O 5. O-O Nc6 6. d3 d6 7. Nc3 e5 8. fxe5
dxe5 9. e4 h6 10. h3 Be6 11. Kh2 Nh5 12. Nh4 Nd4 13. Ne2 Kh7 14. c3 Nc6 15. Be3
Qd7 16. Ng1 Rad8 17. Nf5 gxf5 18. Qxh5 Ne7 19. exf5 f6 20. fxe6 Qxe6 21. g4 1-0

[Event "Bad Wörishofen op 2012 28th"]
[Site "Bad Wörishofen (2.3.-10.3)"]
[Date "2012.03.06"]
[Round "5.25"]
[White "Schaefer, Michael(59)"]
[Black "Jameson, David"]
[Result "1/2-1/2"]
[WhiteElo "2135"]
[BlackElo "2067"]
[PlyCount "47"]
[EventDate "2012.03.??"]
[EventType "swiss"]
[EventRounds "9"]
[EventCountry "GER"]
[SourceDate "2013.02.18"]
[WhiteTeam "Mörlenbach-Birkenau FB"]
[BlackTeam "Starnberg SC"]

1. d4 Nf6 2. c4 e6 3. Nc3 Bb4 4. g3 d5 5. Bg2 O-O 6. Nf3 dxc4 7. O-O c6 8. Bg5
Nbd7 9. Nd2 Bxc3 10. bxc3 Qa5 11. Bxf6 Nxf6 12. Nxc4 Qxc3 13. Rc1 Qb4 14. a3
Qe7 15. Qb3 Rd8 16. Rfd1 Rd7 17. Na5 Rc7 18. Rb1 Bd7 19. Rdc1 Rac8 20. Qb4 Qxb4
21. axb4 g6 22. Nc4 Be8 23. e3 Nd5 24. h4 1/2-1/2

[Event "Bad Wörishofen op 2012 28th"]
[Site "Bad Wörishofen (2.3.-10.3)"]
[Date "2012.03.06"]
[Round "5.26"]
[White "Kauch, Markus"]
[Black "Baeuml, Ulrich"]
[Result "1-0"]
[WhiteElo "2127"]
[BlackElo "2044"]
[PlyCount "81"]
[EventDate "2012.03.??"]
[EventType "swiss"]
[EventRounds "9"]
[EventCountry "GER"]
[SourceDate "2013.02.18"]
[WhiteTeam "SUI/Stäfa SC (Dotzheim TuS)"]
[BlackTeam "Dillingen SC"]
[WhiteTeamCountry "SUI"]

1. Nf3 c5 2. c4 Nc6 3. g3 g6 4. Bg2 Bg7 5. O-O e6 6. Nc3 Nge7 7. a3 O-O 8. b4
cxb4 9. axb4 d5 10. b5 Nd4 11. Nxd4 Bxd4 12. cxd5 exd5 13. e3 Bg7 14. d4 Be6
15. Ba3 Re8 16. Qb3 Rc8 17. Bb4 a6 18. bxa6 bxa6 19. Rxa6 Rc4 20. Qa3 Qc8 21.
Nb5 Nf5 22. Bc5 Bf8 23. Bxf8 Rxf8 24. g4 Nh4 25. Nd6 Qd8 26. Nxc4 Nxg2 27. Ne5
Nh4 28. f4 Qc8 29. Rc6 Qb7 30. Rfc1 Ra8 31. Rb6 Qxb6 32. Qxa8+ Kg7 33. Qa2 Qb4
34. Qf2 Qa3 35. Re1 g5 36. fxg5 Ng6 37. Rb1 Nf8 38. Rf1 Qa7 39. h4 Ng6 40. Qf6+
Kg8 41. h5 1-0

[Event "Bad Wörishofen op 2012 28th"]
[Site "Bad Wörishofen (2.3.-10.3)"]
[Date "2012.03.06"]
[Round "5.27"]
[White "Remensberger, Paul"]
[Black "Babar, Michael"]
[Result "1/2-1/2"]
[WhiteElo "2122"]
[BlackElo "2161"]
[PlyCount "32"]
[EventDate "2012.03.??"]
[EventType "swiss"]
[EventRounds "9"]
[EventCountry "GER"]
[SourceDate "2013.02.18"]
[WhiteTeam "SUI/Schweiz"]
[BlackTeam "Dortmund Hansa SC"]
[WhiteTeamCountry "SUI"]

1. d4 g6 2. Nf3 Bg7 3. c3 d5 4. Bg5 Nd7 5. e3 Ngf6 6. Nbd2 O-O 7. Be2 Re8 8.
O-O e5 9. Nb3 e4 10. Nfd2 h6 11. Bh4 Qe7 12. c4 Kh7 13. cxd5 g5 14. Bg3 Nxd5
15. Nxe4 f5 16. Nc3 N7b6 1/2-1/2

[Event "Bad Wörishofen op 2012 28th"]
[Site "Bad Wörishofen (2.3.-10.3)"]
[Date "2012.03.06"]
[Round "5.28"]
[White "Urban, Rudolf"]
[Black "Roth, Martin(66)"]
[Result "1-0"]
[WhiteElo "1836"]
[BlackElo "2070"]
[PlyCount "79"]
[EventDate "2012.03.??"]
[EventType "swiss"]
[EventRounds "9"]
[EventCountry "GER"]
[SourceDate "2013.02.18"]
[WhiteTeam "München RTA"]
[BlackTeam "Laupheim SC"]

1. d4 Nf6 2. Nf3 e6 3. Bf4 c5 4. c3 b6 5. e3 Be7 6. Nbd2 O-O 7. Bd3 Ba6 8. Bxa6
Nxa6 9. O-O d5 10. Ne5 Nb8 11. Qf3 Nfd7 12. Rad1 Nxe5 13. dxe5 Nc6 14. Qe2 Qc8
15. Nf3 f5 16. h4 h6 17. c4 Qa6 18. Rc1 Rfd8 19. b3 dxc4 20. Rxc4 Na5 21. Rc2
Qxe2 22. Rxe2 Rd3 23. e4 fxe4 24. Rxe4 Rad8 25. h5 b5 26. Be3 R8d7 27. g4 c4
28. Nd4 cxb3 29. axb3 Kf7 30. Rf4+ Kg8 31. Nxe6 Nxb3 32. Rf5 a5 33. Nf4 Rd1 34.
Ng6 Rxf1+ 35. Kxf1 a4 36. e6 Rb7 37. Rf7 a3 38. Nxe7+ Kh7 39. Ng6 a2 40. Rf8
1-0

[Event "Bad Wörishofen op 2012 28th"]
[Site "Bad Wörishofen (2.3.-10.3)"]
[Date "2012.03.06"]
[Round "5.29"]
[White "Ballon, Guenther Jan"]
[Black "Hoeller, Armin"]
[Result "1/2-1/2"]
[WhiteElo "2164"]
[BlackElo "2033"]
[PlyCount "34"]
[EventDate "2012.03.??"]
[EventType "swiss"]
[EventRounds "9"]
[EventCountry "GER"]
[SourceDate "2013.02.18"]
[WhiteTeam "NED/Niederlande"]
[BlackTeam "Bad Aibling SK"]
[WhiteTeamCountry "NED"]

1. d4 f5 2. g3 Nf6 3. Bg2 e6 4. Nf3 d5 5. O-O Bd6 6. c4 c6 7. b3 Qe7 8. Bf4
Bxf4 9. gxf4 O-O 10. Nbd2 Nbd7 11. Ne5 Nxe5 12. fxe5 Ne4 13. Nxe4 fxe4 14. f3
exf3 15. Rxf3 Rxf3 16. Bxf3 Qg5+ 17. Kh1 Qe3 1/2-1/2